000 00319nam a22001337a 4500
008 171020b xxu||||| |||| 00| 0 eng d
020 _a9780136025818
041 _aeng
080 _28TH
_a338
100 _a54
101 _aMIS
245 _aESSENTIALS OF MANAGEMENT INFORMATION SYSTEMS
_cLAUDON,K.C
942 _2udc
_cBK
999 _c35139
_d35139